Omofobia come costruzione sociale : processi generativi del pregiudizio in età adolescenziale /

Guardat en:
Dades bibliogràfiques
Autor principal: Mauceri, Sergio
Format: Llibre
Idioma:italià
Publicat: Milano : Angeli, 2015
Col·lecció:Il riccio e la volpe ; 20
Matèries:
Etiquetes: Afegir etiqueta
Sense etiquetes, Sigues el primer a etiquetar aquest registre!

MARC

LEADER 00000nam a2200000 i 4500
001 IT\ICCU\UBO\4129842
003 ItRI
005 20260115232157.0
008 150326s2015 it |||||| ||||| |||||c
015 |2 IT  |a 2015-4565 
020 |a 9788891710635 
040 |b ita  |c importazione bologna sebina 
041 7 |a ita  |2 ISO-639-2 
082 |a 306.766  |9 OMOSESSUALITÀ  |2 23 
100 1 |a Mauceri, Sergio  |0 IT\ICCU\UBOV\856579 
245 1 0 |a Omofobia come costruzione sociale :  |b processi generativi del pregiudizio in età adolescenziale /  |c Sergio Mauceri. 
260 |a Milano :  |b Angeli,  |c 2015 
300 |a 207 p. ;  |c 23 cm 
500 |a In copertina: Più allegato on line 
650 7 |a Omosessualità  |x Pregiudizi [degli] Adolescenti  |2 nsbncf 
830 3 |a Il riccio e la volpe ;  |v 20  |0 IT\ICCU\RMS\0129157 
942 |2 ddc  |c BK  |n 0 
952 |0 0  |1 0  |4 0  |6 DOC_306_766000000000000_MAU  |7 0  |9 21454  |a BO  |b BO  |d 2026-01-15  |i 17906  |l 0  |o DOC 306.766 MAU  |p BO17906  |r 2026-01-15 23:21:57  |w 2026-01-15  |x [Sebina 5] [1 v.]  |y BK  |z 1 v. 
999 |c 18314  |d 18314